000 00357 a2200157 4500
001 47249
020 _a8508080956 (broch.)
040 _cAnchieta - Aquarius
100 _aAzevedo, Ricardo
240 1 0 _a=Um homem no sótão
_lpor
245 1 0 _a=Um homem no sótão
300 _a57p.
362 0 _a2001
650 4 _aLiteratura brasileira
942 _cBK
999 _c47249
_d47249